|
|
|
|
| LEADER |
03506nam a22005055i 4500 |
| 001 |
978-3-642-35347-5 |
| 003 |
DE-He213 |
| 005 |
20151111121415.0 |
| 007 |
cr nn 008mamaa |
| 008 |
130404s2013 gw | s |||| 0|eng d |
| 020 |
|
|
|a 9783642353475
|9 978-3-642-35347-5
|
| 024 |
7 |
|
|a 10.1007/978-3-642-35347-5
|2 doi
|
| 040 |
|
|
|d GrThAP
|
| 050 |
|
4 |
|a B67
|
| 072 |
|
7 |
|a PDA
|2 bicssc
|
| 072 |
|
7 |
|a SCI075000
|2 bisacsh
|
| 082 |
0 |
4 |
|a 501
|2 23
|
| 100 |
1 |
|
|a Weinert, Friedel.
|e author.
|
| 245 |
1 |
4 |
|a The March of Time
|h [electronic resource] :
|b Evolving Conceptions of Time in the Light of Scientific Discoveries /
|c by Friedel Weinert.
|
| 264 |
|
1 |
|a Berlin, Heidelberg :
|b Springer Berlin Heidelberg :
|b Imprint: Springer,
|c 2013.
|
| 300 |
|
|
|a IX, 284 p.
|b online resource.
|
| 336 |
|
|
|a text
|b txt
|2 rdacontent
|
| 337 |
|
|
|a computer
|b c
|2 rdamedia
|
| 338 |
|
|
|a online resource
|b cr
|2 rdacarrier
|
| 347 |
|
|
|a text file
|b PDF
|2 rda
|
| 505 |
0 |
|
|a 1 Evolving Conceptions of Time in the Light of Scientific Discoveries -- Introduction -- 2 Time and Cosmology -- Greek Astronomy -- Plato and Aristotle -- The Need for Physical Time -- Kant’s Cosmology -- Time and Causality -- The Topology of Time -- The Metric of Time -- Some Advances in the Theory of Time in Classical Physics -- Time in Modern Physics -- The Measurement of Time in Quantum Mechanics -- Why Measurement? -- On Permissible Inferences from Scientific Theories -- 3 Flux and Stasis.-Parmenidean Stasis and Heraclitean Flux -- Idealism About Time -- Realism About Time -- Relationism About Time -- The Theory of Relativity and the Block Universe -- Minkowski Spacetime and the Block Universe -- An Alternative Representation of Minkowski Space–Time -- Space–Time and Invariance -- The General Theory of Relativity -- Substantivalism and Relationism About Space–Time -- 4 Symmetry and Asymmetry -- Fundamental Equations and Human Experience -- Entropy and Order -- Reversibility and Irreversibility -- The Role of Boundary Conditions -- The Emergence of Time -- Time in Basic Quantum Mechanics -- Time Travel Scenarios -- 5 Conclusion -- Bibliography -- Index.
|
| 520 |
|
|
|a The aim of this interdisciplinary study is to reconstruct the evolution of our changing conceptions of time in the light of scientific discoveries. It will adopt a new perspective and organize the material around three central themes, which run through our history of time reckoning: cosmology and regularity; stasis and flux; symmetry and asymmetry. It is the physical criteria that humans choose – relativistic effects and time-symmetric equations or dynamic-kinematic effects and asymmetric conditions – that establish our views on the nature of time. This book will defend a dynamic rather than a static view of time.
|
| 650 |
|
0 |
|a Philosophy.
|
| 650 |
|
0 |
|a History.
|
| 650 |
|
0 |
|a Philosophy and science.
|
| 650 |
|
0 |
|a Statistical physics.
|
| 650 |
|
0 |
|a Dynamical systems.
|
| 650 |
|
0 |
|a Popular works.
|
| 650 |
1 |
4 |
|a Philosophy.
|
| 650 |
2 |
4 |
|a Philosophy of Science.
|
| 650 |
2 |
4 |
|a Popular Science, general.
|
| 650 |
2 |
4 |
|a History of Science.
|
| 650 |
2 |
4 |
|a History of Philosophy.
|
| 650 |
2 |
4 |
|a Statistical Physics, Dynamical Systems and Complexity.
|
| 710 |
2 |
|
|a SpringerLink (Online service)
|
| 773 |
0 |
|
|t Springer eBooks
|
| 776 |
0 |
8 |
|i Printed edition:
|z 9783642353468
|
| 856 |
4 |
0 |
|u http://dx.doi.org/10.1007/978-3-642-35347-5
|z Full Text via HEAL-Link
|
| 912 |
|
|
|a ZDB-2-SHU
|
| 950 |
|
|
|a Humanities, Social Sciences and Law (Springer-11648)
|